[Event "21st World Senior Chess Championship - w"]
[Site "Opatija"]
[Date "2011.11.24"]
[Round "9.2"]
[White "Thipsay, Bagyashree Sathe"]
[Black "Strutinskaya, Galina N"]
[Result "0-1"]
[WhiteElo "2152"]
[BlackElo "2277"]
[PlyCount "106"]
[EventDate "2011.11.24"]

1. e4 c5 2. Nf3 Nc6 3. d4 cxd4 4. Nxd4 Nf6 5. Nc3 e5 6. Ndb5 d6 7. Nd5 Nxd5 8.
exd5 Ne7 9. c3 Nf5 10. a4 Be7 11. Bd3 g6 12. O-O O-O 13. Kh1 a6 14. Na3 Ng7 15.
Nc4 f5 16. f4 exf4 17. Bxf4 g5 18. Be3 f4 19. Bb6 Qe8 20. Re1 Qf7 21. Be2 Bf5
22. Bd4 Rad8 23. Bxg7 Kxg7 24. Bg4 Bg6 25. Be6 Qf6 26. Nd2 h5 27. Ne4 Bxe4 28.
Rxe4 Qg6 29. Rb4 Rb8 30. Qd4+ Bf6 31. Qa7 f3 32. gxf3 Be5 33. Qf2 Qd3 34. Rf1
a5 35. Re4 Rf6 36. Re3 Qc4 37. Qg2 Kh6 38. Re4 Qd3 39. h4 g4 40. f4 Rbf8 41. f5
Qg3 42. Qd2+ Kh7 43. Rxe5 Qxh4+ 44. Qh2 Qxh2+ 45. Kxh2 dxe5 46. Re1 Rxf5 47.
Bxf5+ Rxf5 48. d6 Rf2+ 49. Kg3 Rf3+ 50. Kg2 Rd3 51. Rxe5 Kg6 52. Rxa5 h4 53.
Re5 Rd2+ 0-1

[Event "21st World Senior Chess Championship - w"]
[Site "Rijeka"]
[Date "2011.11.24"]
[Round "9.7"]
[White "Fomina, Tatyana"]
[Black "Bogumil, Tatiana"]
[Result "1/2-1/2"]
[WhiteElo "2215"]
[BlackElo "2115"]
[PlyCount "116"]
[EventDate "2011.11.24"]

1. e4 e6 2. Qe2 e5 3. g3 Nc6 4. c3 g6 5. Bg2 Bg7 6. d3 Nge7 7. h4 h5 8. Bg5 d6
9. Nd2 a5 10. a4 Be6 11. Nh3 Qd7 12. Be3 d5 13. Ng5 d4 14. cxd4 exd4 15. Nxe6
Qxe6 16. Bf4 Ne5 17. Bh3 Qa6 18. Bxe5 Bxe5 19. Nc4 Bd6 20. O-O Bb4 21. e5 Rd8
22. Qf3 O-O 23. Qf4 Kh7 24. g4 Qe6 25. Kh2 hxg4 26. Bxg4 Nf5 27. Bxf5 Qxf5 28.
Qxf5 gxf5 29. Kg3 Rg8+ 30. Kf4 Rg4+ 31. Kxf5 Rdg8 32. f4 c6 33. h5 Rg3 34. Ke4
Bc5 35. Rad1 b6 36. Kf5 Rh3 37. Rh1 Rhg3 38. Nd2 Rxd3 39. Ne4 Rxd1 40. Rxd1 Rd8
41. Nf6+ Kh8 42. Ke4 Be7 43. Ng4 c5 44. f5 Bg5 45. f6 Kh7 46. Kf5 Bh6 47. Nf2
Rg8 48. Ne4 Rg2 49. e6 fxe6+ 50. Kxe6 Re2 51. Kf5 Rh2 52. Rg1 Rxh5+ 53. Ke6 Rh3
54. f7 Re3 55. Kd5 Rf3 56. Kd6 Bf8+ 57. Ke6 Re3 58. Rg4 d3 1/2-1/2

[Event "21st World Senior Chess Championship - w"]
[Site "Rijeka"]
[Date "2011.11.24"]
[Round "9.8"]
[White "Miednikova, Swietlana"]
[Black "Komysheva, Margarita"]
[Result "1-0"]
[WhiteElo "2165"]
[BlackElo "2081"]
[PlyCount "53"]
[EventDate "2011.11.24"]

1. e4 e5 2. Nf3 Nc6 3. Bb5 Bc5 4. O-O Nge7 5. Nxe5 Nxe5 6. d4 c6 7. Be2 Bd6 8.
dxe5 Bxe5 9. Nc3 O-O 10. f4 Bc7 11. f5 f6 12. Bc4+ Kh8 13. a4 Be5 14. Qh5 d5
15. Bd3 Bxc3 16. bxc3 Ng8 17. Ba3 Re8 18. Rae1 Bd7 19. Rf3 Qc7 20. Rh3 h6 21.
Rg3 Rad8 22. Qf7 Qxg3 23. hxg3 Bxf5 24. Qxb7 dxe4 25. Bc4 Rd2 26. Qb2 Red8 27.
Bf1 1-0

[Event "21st World Senior Chess Championship - w"]
[Site "Rijeka"]
[Date "2011.11.24"]
[Round "9.9"]
[White "Titorenko, Natalia I"]
[Black "Kierzek, Mira"]
[Result "1-0"]
[WhiteElo "2143"]
[BlackElo "2023"]
[PlyCount "93"]
[EventDate "2011.11.24"]

1. Nf3 d5 2. b3 c5 3. Bb2 Nc6 4. e3 Nf6 5. Be2 Bg4 6. O-O e6 7. d4 Be7 8. dxc5
Bxc5 9. Nbd2 O-O 10. a3 Rc8 11. Rc1 Bd6 12. c4 Bb8 13. b4 dxc4 14. Rxc4 Bf5 15.
Qa1 Re8 16. Rfc1 e5 17. b5 Na5 18. Rxc8 Bxc8 19. Bc3 Bf5 20. Qb2 h6 21. Bxa5
Qxa5 22. Nc4 Qd8 23. Ncxe5 Ng4 24. Nxg4 Bxg4 25. Qd4 Bxf3 26. Bxf3 Qe7 27. a4
b6 28. Rd1 Rf8 29. g3 Qa3 30. Qc4 Qe7 31. Bd5 Qf6 32. Kg2 Qe7 33. Qd4 Bc7 34.
Qc4 Rd8 35. Rc1 Bb8 36. Rc3 Qf6 37. Rd3 Rf8 38. e4 Qe7 39. f4 Bd6 40. e5 Bc5
41. Qe4 Re8 42. Qf5 Rf8 43. h4 Bb4 44. h5 Qc7 45. Be4 Qc2+ 46. Kh3 Qc8 47. Rd7
1-0

[Event "21st World Senior Chess Championship - w"]
[Site "Rijeka"]
[Date "2011.11.24"]
[Round "9.10"]
[White "Sorokina, Tamara"]
[Black "Abdikasova, Panu"]
[Result "0-1"]
[WhiteElo "2131"]
[BlackElo "1978"]
[PlyCount "86"]
[EventDate "2011.11.24"]

1. c4 e5 2. Nc3 c6 3. Nf3 d6 4. d4 exd4 5. Qxd4 Nf6 6. Bg5 Be7 7. Rd1 Nbd7 8.
Bf4 O-O 9. Bxd6 Bxd6 10. Qxd6 Qb6 11. Qd2 Nc5 12. e3 Bg4 13. Be2 Rad8 14. Qc2
Rxd1+ 15. Bxd1 Qxb2 16. O-O Qxc2 17. Bxc2 Bxf3 18. gxf3 Rd8 19. Rd1 Rxd1+ 20.
Nxd1 Kf8 21. Kf1 Ke7 22. Ke2 g5 23. e4 Kd6 24. Ke3 Ke5 25. Nc3 Nh5 26. Bd3 Nxd3
27. Kxd3 Nf4+ 28. Ke3 Ne6 29. Ne2 f5 30. exf5 Kxf5 31. Ng3+ Ke5 32. Ne4 h6 33.
Nc3 Nd4 34. Ne4 b6 35. Nc3 Nf5+ 36. Ke2 Kd4 37. Ne4 Kxc4 38. Ng3 Nxg3+ 39. fxg3
Kd4 40. g4 Ke5 41. Ke3 c5 42. f4+ gxf4+ 43. Kf3 c4 0-1

[Event "21st World Senior Chess Championship - w"]
[Site "Rijeka"]
[Date "2011.11.24"]
[Round "9.13"]
[White "Chireykina, Natalia"]
[Black "Blagonadezhnaya, Ideya"]
[Result "1-0"]
[WhiteElo "1853"]
[BlackElo "1898"]
[PlyCount "51"]
[EventDate "2011.11.24"]

1. e4 g6 2. d4 Bg7 3. c3 d6 4. f4 e5 5. dxe5 dxe5 6. Qxd8+ Kxd8 7. Nf3 Nc6 8.
Bc4 Be6 9. Bxe6 fxe6 10. Ng5 Ke7 11. Be3 b6 12. O-O Nf6 13. fxe5 Nxe5 14. Bd4
Nfd7 15. Nd2 h6 16. Ngf3 c5 17. Nxe5 Nxe5 18. Bxe5 Bxe5 19. Nf3 Bg7 20. Nh4
Rhd8 21. Nxg6+ Ke8 22. Rf2 h5 23. Raf1 Bh6 24. Rf7 Rd2 25. Rh7 Be3+ 26. Kh1 1-0